000 00437nmm a2200157Ia 4500
008 251105s9999||||xx |||||||||||||||||und||
041 _aspa
100 _aRodrein, Raquel
245 0 _aLa herencia de la rosa blanca
264 _a[Madrid, España] :
_bRoca Editorial,
_c2012
300 _a657 páginas
490 _aNarrativa
650 _aSpanish narrative
856 _uhttps://public.digitaliapublishing.com/a/33998
942 _cCF
999 _c99991
_d99991